000 01179 a2200277 4500
001 1943
005 20260407155421.0
008 260407a2011 arg spa d
003 AR-UNSa-BCEJYS
040 _aAR-UNSa-BCEJYS
_bspa
_cAR-UNSa-BCEJYS
080 _a349.2
_xDerecho del Trabajo
245 1 0 _aLeyes laborales y previsionales
020 _a978-987-01-1163-4
250 _a10a. ed.
264 1 _aBuenos Aires :
_bErrepar
_c2011
300 _alix, 835 p.
_c21 cm.
505 _a1. Contrato de trabajo - 2. Empleo - 3. Régimen laboral en la pequeña empresa - 4. Derecho colectivo de trabajo - 5. Reforma laboral - 6. Sistema único de la seguridad social - 7. Trabajo agrario - 8. Seguro colectivo de vida - 9. Policía laboral - 10. Higiene y seguridad en el trabajo - 11. Procedimiento
041 _aspa
942 _cBK
590 _aniveau_biblio:m niveau_hierar:0
100 1 _aParada, Ricardo Antonio
700 1 _aArgentina [Leyes, etc.]
700 1 _aErrecaborde, José Daniel
700 1 _aCañada, Francisco Roberto
856 4 1 _uhttps://biblioeco.unsa.edu.ar/pmb/images/libros/Leyes laborales y previsionales-l118149.jpg
_yImagen de portada
_qimage/jpeg
999 _c225
_d225